[Event "21st European Teams Women"]
[Site "Hersonissos GRE"]
[Date "2017.10.28"]
[Round "1.11"]
[Board "3"]
[White "Galojan, Lilit"]
[Black "Serefidou, Despina"]
[Result "1-0"]
[WhiteTitle "IM"]
[WhiteElo "2291"]
[BlackElo "1965"]
[WhiteTeam "Armenia"]
[BlackTeam "Greece 2"]
[WhiteFideId "13301314"]
[BlackFideId "4218787"]
[EventDate "2017.10.28"]

1. d4 Nf6 2. c4 e6 3. Nc3 Bb4 4. e3 O-O 5. Bd3 d5 6. Nf3 c5 7. O-O cxd4 8. exd4
dxc4 9. Bxc4 b6 10. Bg5 Bb7 11. Qe2 h6 12. Bh4 Re8 13. Rad1 Nbd7 14. Ne5 Bxc3
15. Nxd7 Qxd7 16. Bxf6 gxf6 17. bxc3 f5 18. Bb5 Qd5 19. f3 Bc6 20. Bxc6 Qxc6 21.
Rd3 Kh7 22. Rfd1 Rad8 23. Re3 b5 24. Qd3 Rd5 25. a4 a6 26. g4 Rc8 27. axb5 axb5
28. gxf5 Rxf5 29. Qe4 Rg8+ 30. Kh1 Qc4 31. d5 Qxe4 32. fxe4 Rf2 33. Rg3 Rxg3 34.
hxg3 Ra2 35. d6 Ra8 36. Rb1 Rd8 37. e5 f6 38. Rxb5 fxe5 39. Rb6 Kg7 40. c4 Kf6
41. c5 e4 42. Kg2 Ke5 43. Rc6 e3 44. Kf3 Kd4 45. d7 Kd3 46. Rd6+ 1-0

[Event "21st European Teams Women"]
[Site "Hersonissos GRE"]
[Date "2017.10.28"]
[Round "1.11"]
[Board "4"]
[White "Skaraki, Antigoni"]
[Black "Kursova, Maria"]
[Result "0-1"]
[BlackTitle "WGM"]
[WhiteElo "1992"]
[BlackElo "2259"]
[WhiteTeam "Greece 2"]
[BlackTeam "Armenia"]
[WhiteFideId "4222970"]
[BlackFideId "4129709"]
[EventDate "2017.10.28"]

1. e4 c5 2. Nf3 Nc6 3. g3 Nf6 4. Nc3 d5 5. exd5 Nxd5 6. Ne4 Bg4 7. Bg2 e6 8. d3
Be7 9. h3 Bh5 10. g4 Bg6 11. Qe2 Qc7 12. Rg1 O-O-O 13. Bd2 Nf4 14. Bxf4 Qxf4 15.
Qd2 Qxd2+ 16. Nfxd2 Nb4 17. Kd1 Nd5 18. Bf3 Nf4 19. Rh1 h5 20. Nc4 hxg4 21. hxg4
Rxh1+ 22. Bxh1 f5 23. gxf5 exf5 24. Ng3 Bf6 25. Kd2 Bg5 26. Ne3 Nh3 27. f4 Bxf4
28. Bg2 Nf2 29. Ne2 Bh6 30. Rf1 Re8 31. Rxf2 Bxe3+ 32. Ke1 Bxf2+ 33. Kxf2 Bf7
34. Bh3 Be6 35. Nf4 Bd7 36. c3 g5 37. Nd5 Kd8 38. Nf6 Rf8 39. Nh7 Rh8 40. Nxg5
Rh5 41. Nf7+ Ke7 0-1

[Event "21st European Teams Women"]
[Site "Hersonissos GRE"]
[Date "2017.10.28"]
[Round "1.12"]
[Board "1"]
[White "Sahl, Sheila Barth"]
[Black "Vega Gutierrez, Sabrina"]
[Result "1-0"]
[WhiteTitle "WIM"]
[BlackTitle "IM"]
[WhiteElo "2180"]
[BlackElo "2405"]
[WhiteTeam "Norway"]
[BlackTeam "Spain"]
[WhiteFideId "1500953"]
[BlackFideId "2219026"]
[EventDate "2017.10.28"]

1. e4 c5 2. Nf3 Nc6 3. d4 cxd4 4. Nxd4 Nf6 5. Nc3 e5 6. Ndb5 d6 7. Bg5 a6 8. Na3
b5 9. Bxf6 gxf6 10. Nd5 Bg7 11. c3 f5 12. Bd3 Ne7 13. Nxe7 Qxe7 14. O-O O-O 15.
Nc2 Bb7 16. exf5 Qg5 17. Ne3 d5 18. Qg4 Qh6 19. Qg3 Qb6 20. a4 f6 21. axb5 axb5
22. Nc2 b4 23. Nxb4 e4 24. Bc2 d4 25. Qf4 d3 26. Bb3+ Kh8 27. Rae1 Rfd8 28. Re3
Qd6 29. Qh4 Ra5 30. Rh3 h6 31. Qg4 Rda8 32. Rg3 Qf8 33. Nxd3 exd3 34. Rxd3 Ba6
35. c4 Bc8 36. Rf3 Rb8 37. h3 Qc5 38. Rg3 Qc7 39. Bc2 Qf7 40. Rd1 Bd7 41. b3 Be8
42. Be4 Re5 43. Bd5 Qe7 44. Kh2 Qc7 45. Be6 h5 46. Qh4 Rxe6 47. fxe6 Qe5 48. Rd5
Qxe6 49. Rxg7 Rxb3 50. Ra7 Kg8 51. Qf4 1-0

[Event "21st European Teams Women"]
[Site "Hersonissos GRE"]
[Date "2017.10.28"]
[Round "1.12"]
[Board "2"]
[White "Garcia Martin, Marta"]
[Black "Machlik, Monika"]
[Result "1-0"]
[WhiteTitle "FM"]
[WhiteElo "2315"]
[BlackElo "2037"]
[WhiteTeam "Spain"]
[BlackTeam "Norway"]
[WhiteFideId "32084030"]
[BlackFideId "1513621"]
[EventDate "2017.10.28"]

1. e4 c6 2. d4 d5 3. Nd2 dxe4 4. Nxe4 Bf5 5. Ng3 Bg6 6. Nh3 e6 7. Nf4 Bd6 8.
Ngh5 Bxh5 9. Nxh5 g6 10. Ng3 Nf6 11. Bh6 Nbd7 12. Qf3 Qa5+ 13. Bd2 Qb6 14. O-O-O
Be7 15. Bh6 O-O-O 16. Bc4 Rhe8 17. Rd3 Qc7 18. Kb1 Kb8 19. Rhd1 Ka8 20. Bb3 Bf8
21. Bg5 Be7 22. h4 h5 23. R3d2 Rc8 24. Nf1 Qd8 25. Ne3 Rf8 26. Nc4 Nb6 27. Ne5
Nbd7 28. Bh6 Rg8 29. Nxf7 Qe8 30. Bxe6 Ng4 31. Bxg4 hxg4 32. Qxg4 Bb4 33. c3
Qxf7 34. cxb4 Nb6 35. Re1 Nd5 36. a3 Rcd8 37. Qe6 Qc7 38. Rde2 a5 39. Bg5 Rdf8
40. b5 Qb6 41. a4 Nb4 42. bxc6 bxc6 43. Be7 Re8 44. Bc5 Rxe6 45. Bxb6 Rd6 46.
Bxa5 Rxd4 47. Bxb4 Rxb4 48. Re4 Rgb8 49. Rxb4 Rxb4 50. g3 1-0

[Event "21st European Teams Women"]
[Site "Hersonissos GRE"]
[Date "2017.10.28"]
[Round "1.12"]
[Board "3"]
[White "Machlik, Edit"]
[Black "Matnadze, Ana"]
[Result "0-1"]
[BlackTitle "IM"]
[WhiteElo "2030"]
[BlackElo "2368"]
[WhiteTeam "Norway"]
[BlackTeam "Spain"]
[WhiteFideId "1513591"]
[BlackFideId "13601377"]
[EventDate "2017.10.28"]

1. d4 Nf6 2. c4 e6 3. Nc3 d5 4. cxd5 exd5 5. Bg5 Be7 6. e3 c6 7. Qc2 Nbd7 8. Bd3
Nf8 9. Nf3 Ne6 10. Bh4 g6 11. O-O Ng7 12. b4 O-O 13. b5 cxb5 14. Bxb5 Be6 15.
Qb3 a6 16. Bd3 b5 17. a4 b4 18. Bxf6 Bxf6 19. Qxb4 Rb8 20. Qa3 Be7 21. Qa2 Qa5
22. Ne2 Bd6 23. Rab1 Nf5 24. g3 Ne7 25. Nf4 Bd7 26. Qe2 Bxf4 27. gxf4 Bg4 28.
Qd2 Qxa4 29. Ra1 Qe8 30. Be2 Rb6 31. Rfc1 Nf5 32. Ne5 Bxe2 33. Qxe2 f6 34. Nf3
Qe4 35. Re1 Re8 36. Nd2 Qe6 37. Qd1 Nh4 38. Qe2 Rb2 39. Red1 Qh3 40. Qf1 Qg4+
41. Kh1 g5 42. fxg5 fxg5 43. f3 Qf5 44. Qe2 Re6 45. Ra5 Qh3 46. Rxd5 h6 47. Rd8+
Kg7 48. Rd7+ Kg6 49. e4 Rc6 50. d5 Rxd2 51. Qxd2 Qxf3+ 52. Kg1 Qg4+ 0-1

[Event "21st European Teams Women"]
[Site "Hersonissos GRE"]
[Date "2017.10.28"]
[Round "1.12"]
[Board "4"]
[White "Delgado Crespo, Mairelys"]
[Black "Kyrkjebo, Hanna B."]
[Result "1/2-1/2"]
[WhiteTitle "WGM"]
[WhiteElo "2260"]
[BlackElo "1996"]
[WhiteTeam "Spain"]
[BlackTeam "Norway"]
[WhiteFideId "3501868"]
[BlackFideId "1511599"]
[EventDate "2017.10.28"]

1. e4 e5 2. Nf3 Nc6 3. Nc3 Nf6 4. d4 exd4 5. Nxd4 Bb4 6. Nxc6 bxc6 7. Bd3 h6 8.
O-O d6 9. Qf3 O-O 10. h3 Be6 11. Bf4 Nd7 12. Nd5 Bc5 13. Ne3 Ne5 14. Qg3 Ng6 15.
e5 dxe5 16. Bxh6 Qh4 17. Qxh4 Nxh4 18. Bg5 Ng6 19. Bxg6 fxg6 20. Ng4 Rf5 21. Be3
Bb6 22. Rad1 Kh7 23. b3 Re8 24. Rd2 e4 25. c4 Ba5 26. Rd4 Bc8 27. Rfd1 Bb6 28.
Rd8 Rff8 29. Rxe8 Rxe8 30. Bf4 Bxg4 31. hxg4 e3 32. fxe3 Bxe3+ 33. Bxe3 Rxe3 34.
Kf2 Rc3 35. Rd7 Rc2+ 36. Kf3 Rxa2 37. Rxc7 Rb2 38. Rxa7 Rxb3+ 39. Ke4 Rg3 40.
Kf4 Rc3 41. Ra4 Rc2 42. g3 Rc3 43. g5 Rd3 44. Ke4 Rxg3 45. Ra5 Rg4+ 46. Kd3 Rg3+
47. Kd4 Rg4+ 48. Kc3 Rf4 49. Re5 Rf5 50. Kd4 Kg8 51. Ke4 Rf1 52. Rc5 Re1+ 53.
Kd4 Rg1 54. Re5 Rg4+ 55. Kc5 Kf7 56. Kb4 Kf8 57. Rc5 Ke7 58. Ka5 Kd7 59. Kb6 Rg1
60. Rxc6 Rxg5 61. Rc7+ Kd8 62. Rxg7 Rg1 63. c5 g5 64. Rg8+ Ke7 65. c6 Rb1+ 66.
Kc7 Kf6 67. Kd7 Rd1+ 68. Kc8 Rc1 69. c7 Kf5 70. Kd7 Rxc7+ 71. Kxc7 Kf4 72. Kd6
g4 73. Kd5 g3 74. Kd4 Kf3 75. Rf8+ Ke2 76. Re8+ Kf2 77. Kd3 g2 78. Rf8+ Ke1 79.
Rg8 Kf2 80. Rf8+ Ke1 81. Kd4 1/2-1/2

[Event "21st European Teams Women"]
[Site "Hersonissos GRE"]
[Date "2017.10.28"]
[Round "1.13"]
[Board "1"]
[White "Shvayger, Yuliya"]
[Black "Goossens, Hanne"]
[Result "1/2-1/2"]
[WhiteTitle "WGM"]
[BlackTitle "WFM"]
[WhiteElo "2442"]
[BlackElo "2188"]
[WhiteTeam "Israel"]
[BlackTeam "Belgium"]
[WhiteFideId "14100126"]
[BlackFideId "200468"]
[EventDate "2017.10.28"]

1. e4 c5 2. Nf3 d6 3. d4 cxd4 4. Nxd4 Nf6 5. Nc3 a6 6. g3 e5 7. Nb3 Be7 8. Bg2
O-O 9. O-O Nbd7 10. a4 b6 11. Nd2 Qc7 12. Re1 Rb8 13. Nf1 Nc5 14. Ne3 Re8 15.
Bd2 b5 16. axb5 axb5 17. b4 Ne6 18. Qe2 Nd4 19. Qd3 Be6 20. Ncd5 Qd7 21. Nxe7+
Qxe7 22. Bc3 Nc6 23. Ra6 Qc7 24. Rd1 Red8 25. Rda1 Rdc8 26. R1a3 Nd7 27. Nd5
Bxd5 28. exd5 Ne7 29. Bh3 Rd8 30. Bd2 Rb7 31. Bg5 f6 32. Rc3 Qb8 33. Be3 Nb6 34.
Bxb6 Rxb6 35. Ra5 Qb7 36. Rca3 Qc7 37. c3 Rdb8 38. Be6+ Kh8 39. h4 g6 40. h5 Kg7
41. hxg6 hxg6 42. Kg2 R6b7 43. Ra1 Qb6 44. Qd2 Rh8 45. Ra6 Qc7 46. Qe3 f5 47. f4
Qc4 48. Rxd6 e4 49. Kg1 Rc7 50. Ra7 Rxa7 51. Qxa7 Rh1+ 52. Kxh1 Qf1+ 53. Kh2
Qe2+ 54. Kg1 Qd1+ 55. Kg2 Qf3+ 56. Kh2 Qh5+ 57. Kg1 Qd1+ 58. Kh2 Qh5+ 1/2-1/2

[Event "21st European Teams Women"]
[Site "Hersonissos GRE"]
[Date "2017.10.28"]
[Round "1.13"]
[Board "2"]
[White "Barbier, Wiebke"]
[Black "Efroimski, Marsel"]
[Result "0-1"]
[BlackTitle "WGM"]
[WhiteElo "2013"]
[BlackElo "2329"]
[WhiteTeam "Belgium"]
[BlackTeam "Israel"]
[WhiteFideId "207977"]
[BlackFideId "2810964"]
[EventDate "2017.10.28"]

1. e4 c5 2. Be2 Nc6 3. d3 g6 4. f4 Bg7 5. Nf3 Nf6 6. c3 O-O 7. O-O d6 8. Na3 Rb8
9. Nc2 b5 10. Qe1 b4 11. Bd2 a5 12. Qh4 Qc7 13. Ne3 e6 14. Ng5 h6 15. Nh3 Qe7
16. g4 Nd5 17. Qxe7 Ndxe7 18. f5 exf5 19. exf5 gxf5 20. gxf5 Re8 21. Bg4 Ne5 22.
Nf2 d5 23. f6 Bxf6 24. Bxc8 Nf3+ 25. Kh1 Nxd2 26. Rg1+ Kh8 27. Bg4 bxc3 28. bxc3
Bxc3 29. Rac1 Bd4 30. Nfd1 f5 31. Bh5 Rg8 32. Rxg8+ Rxg8 33. Rc2 f4 34. Ng2 Rg5
35. Rxd2 Rxh5 36. Nxf4 Rf5 37. Ne6 Rf1+ 38. Kg2 Rg1+ 39. Kh3 Nf5 40. Nxd4 cxd4
41. Nb2 Ne3 42. Na4 Kg7 43. Nc5 Kf6 44. Nb3 Rg5 45. Rf2+ Ke5 46. Nxa5 Rg6 47.
Kh4 Ng2+ 48. Kh5 Nf4+ 49. Rxf4 Rg5+ 50. Kxh6 Kxf4 51. Nc6 Rg8 52. Nxd4 Rh8+ 53.
Kg7 Rxh2 54. Kf6 Ke3 55. Nb5 Kxd3 56. Ke5 Rh5+ 57. Kd6 Kc4 58. a4 d4 59. Kc6 d3
60. Nd6+ Kb4 0-1

[Event "21st European Teams Women"]
[Site "Hersonissos GRE"]
[Date "2017.10.28"]
[Round "1.13"]
[Board "3"]
[White "Gutmakher, Olga"]
[Black "Barbier, Astrid"]
[Result "1-0"]
[WhiteTitle "WIM"]
[WhiteElo "2226"]
[BlackElo "1815"]
[WhiteTeam "Israel"]
[BlackTeam "Belgium"]
[WhiteFideId "2807602"]
[BlackFideId "200395"]
[EventDate "2017.10.28"]

1. e4 c5 2. Nf3 g6 3. c3 Bg7 4. d4 cxd4 5. cxd4 d5 6. e5 Bg4 7. Bb5+ Nc6 8.
Bxc6+ bxc6 9. Nbd2 f6 10. h3 Bf5 11. O-O Nh6 12. Re1 O-O 13. g4 Bc8 14. e6 Qd6
15. Qe2 c5 16. dxc5 Qxc5 17. Nb3 Qd6 18. Nfd4 Ba6 19. Qf3 Rfc8 20. Bf4 Qd8 21.
Rac1 Bc4 22. Nd2 Kh8 23. Qa3 a5 24. b3 Ba6 25. Nc6 Qe8 26. Qxe7 Ng8 27. Qd7 Bb5
28. Qxe8 Rxe8 29. Nd4 Ba6 30. Rc5 f5 31. Nc6 fxg4 32. hxg4 Bc8 33. Nf3 Nf6 34.
g5 Nh5 35. Be5 Bxe6 36. Nxa5 Bg4 37. Bxg7+ Nxg7 38. Ne5 Be6 39. a4 Bg8 40. Nb7
Nf5 41. Kf1 Reb8 42. Na5 Nd6 43. Nd7 Ne4 44. Rxe4 dxe4 45. Nxb8 Rxb8 46. Rb5 Rc8
47. Nb7 Rc3 48. Nc5 e3 49. f3 Rc2 50. Ne4 Be6 51. Ke1 Rb2 52. Nc5 Bh3 53. Nd3
Ra2 54. a5 Bg2 55. Rb8+ Kg7 56. Rb7+ Kg8 57. Rb8+ Kg7 58. Rb7+ Kg8 59. Rb8+ Kg7
60. Ne5 Rxa5 61. Rb7+ Kg8 62. Nf7 Ra2 63. Nh6+ Kf8 64. Rxh7 Rf2 65. Rf7+ Ke8 66.
Rf6 Rxf3 67. Rxg6 Kd7 68. Ke2 Rg3 69. Nf5 Rh3 70. Nxe3 Bc6 71. Rh6 1-0

[Event "21st European Teams Women"]
[Site "Hersonissos GRE"]
[Date "2017.10.28"]
[Round "1.13"]
[Board "4"]
[White "Vanduyfhuys, Daria"]
[Black "Lahav, Michal"]
[Result "1/2-1/2"]
[WhiteTitle "WCM"]
[BlackTitle "WFM"]
[WhiteElo "1737"]
[BlackElo "2213"]
[WhiteTeam "Belgium"]
[BlackTeam "Israel"]
[WhiteFideId "246336"]
[BlackFideId "2813742"]
[EventDate "2017.10.28"]

1. d4 Nf6 2. c4 c5 3. Nf3 cxd4 4. Nxd4 e6 5. Nc3 d5 6. e3 a6 7. cxd5 Nxd5 8. Bd2
Be7 9. Qa4+ Bd7 10. Qb3 Nb4 11. a3 N4c6 12. Nf3 Bc8 13. Be2 Nd7 14. O-O O-O 15.
Rfd1 b5 16. Qc2 Bb7 17. b4 Rc8 18. Rac1 Nce5 19. Be1 Qc7 20. Nd4 Nb6 21. Qb3 Bd6
22. e4 Nec4 23. g3 Be5 24. f3 Rfd8 25. Bf2 Qe7 26. Bf1 Qf6 27. Nce2 Nd2 28. Rxd2
Rxc1 29. Nxc1 Bxd4 30. Bxd4 Rxd4 31. Qe3 e5 32. Nb3 Rd8 33. Nc5 Bc8 34. Rxd8+
Qxd8 35. Qd3 Qf6 36. Kg2 1/2-1/2

[Event "21st European Teams Women"]
[Site "Hersonissos GRE"]
[Date "2017.10.28"]
[Round "1.14"]
[Board "1"]
[White "Stojkovska, Monika"]
[Black "Peng, Zhaoqin"]
[Result "1/2-1/2"]
[WhiteTitle "WFM"]
[BlackTitle "GM"]
[WhiteElo "2088"]
[BlackElo "2362"]
[WhiteTeam "FYROM"]
[BlackTeam "Netherlands"]
[WhiteFideId "15002594"]
[BlackFideId "1004786"]
[EventDate "2017.10.28"]

1. e4 d6 2. d4 Nf6 3. Nc3 e5 4. Nf3 Nbd7 5. g4 Nxg4 6. Rg1 Ngf6 7. Be3 Qe7 8.
Nb5 Nb6 9. dxe5 dxe5 10. Qd3 a6 11. Nc3 Be6 12. Bxb6 cxb6 13. O-O-O Rd8 14.
Qxd8+ Qxd8 15. Rxd8+ Kxd8 16. Nxe5 g6 17. Bc4 Bh6+ 18. Kd1 Ke7 19. Bxe6 Kxe6 20.
Nd3 Rc8 21. Rg3 b5 22. Rh3 Nh5 23. Ne2 Rd8 24. Ke1 Ke7 25. f4 Rc8 26. Kd1 Bg7
27. e5 f6 28. Re3 Rd8 29. Ke1 Bh6 30. Re4 f5 31. Rb4 Rc8 32. c3 Rc4 33. Kf2 Ke6
34. Kf3 Bf8 35. Rxc4 bxc4 36. Ne1 Bc5 37. Nc2 b5 38. b4 Bb6 39. Ned4+ Kd7 40.
Ne3 Ng7 41. Nd5 Bd8 42. Kg3 h6 43. h4 Nh5+ 44. Kh3 Ng7 45. Kg3 Nh5+ 46. Kh3 Ng7 1/2-1/2

[Event "21st European Teams Women"]
[Site "Hersonissos GRE"]
[Date "2017.10.28"]
[Round "1.14"]
[Board "2"]
[White "Haast, Anne"]
[Black "Nikolovska, Dragana"]
[Result "1-0"]
[WhiteTitle "WGM"]
[WhiteElo "2288"]
[BlackElo "1854"]
[WhiteTeam "Netherlands"]
[BlackTeam "FYROM"]
[WhiteFideId "1017292"]
[BlackFideId "15000133"]
[EventDate "2017.10.28"]

1. e4 c5 2. Nf3 d6 3. d4 cxd4 4. Nxd4 Nf6 5. Nc3 g6 6. Be3 Bg7 7. f3 O-O 8. Qd2
Nc6 9. O-O-O Bd7 10. g4 Ne5 11. h4 Qa5 12. Nb3 Qd8 13. Be2 h5 14. gxh5 Nxh5 15.
Rdg1 Rc8 16. Bh6 Nc4 17. Bxc4 Rxc4 18. Bxg7 Kxg7 19. Qd5 Rxc3 20. Qd4+ e5 21.
Qxc3 Nf4 22. Qd2 Bb5 23. Kb1 Rh8 24. Nd4 exd4 25. Qxf4 d3 26. h5 Qb6 27. h6+ Kg8
28. cxd3 Bxd3+ 29. Ka1 Bc4 30. Rc1 Qa6 31. b3 Be6 32. Qf6 1-0

[Event "21st European Teams Women"]
[Site "Hersonissos GRE"]
[Date "2017.10.28"]
[Round "1.14"]
[Board "3"]
[White "Bejatovic, Bojana"]
[Black "Lanchava, Tea"]
[Result "1-0"]
[BlackTitle "IM"]
[WhiteElo "2035"]
[BlackElo "2314"]
[WhiteTeam "FYROM"]
[BlackTeam "Netherlands"]
[WhiteFideId "15000141"]
[BlackFideId "1005308"]
[EventDate "2017.10.28"]

1. d4 d6 2. Nf3 g6 3. e4 Bg7 4. Bc4 e6 5. Nc3 Nf6 6. Qe2 O-O 7. Bb3 h6 8. h4 d5
9. e5 Nh7 10. Bf4 c5 11. dxc5 Nc6 12. O-O-O Qe7 13. Qe3 Rd8 14. Nb5 Qf8 15. Nd6
Rb8 16. Nh2 h5 17. g4 f6 18. exf6 Qxf6 19. c3 Rf8 20. Bg3 Bd7 21. Ne4 Qf7 22.
Bxb8 Nxb8 23. Nd6 Qf6 24. Nxb7 Nc6 25. Ba4 Ne5 26. Bxd7 Nxd7 27. c6 Nb6 28. Nc5
e5 29. Nd7 Nxd7 30. cxd7 d4 31. cxd4 exd4 32. Qb3+ Kh8 33. Nf3 Qc6+ 34. Kb1 Qxd7
35. gxh5 Qf5+ 36. Rd3 Qxh5 37. Nxd4 Rxf2 38. Qb8+ Nf8 39. Qxa7 Ne6 40. Qb8+ Kh7
41. Nxe6 Qf5 42. Ng5+ Kh6 43. Rd1 Qf6 44. Rb3 Qf5+ 45. Ka1 Qd5 46. Rb1 Rd2 47.
a3 Kh5 48. Qb5 1-0

[Event "21st European Teams Women"]
[Site "Hersonissos GRE"]
[Date "2017.10.28"]
[Round "1.14"]
[Board "4"]
[White "Paulet, Iozefina"]
[Black "Koskoska, Gabriela"]
[Result "1-0"]
[WhiteTitle "WGM"]
[BlackTitle "WIM"]
[WhiteElo "2281"]
[BlackElo "2018"]
[WhiteTeam "Netherlands"]
[BlackTeam "FYROM"]
[WhiteFideId "1213261"]
[BlackFideId "15000630"]
[EventDate "2017.10.28"]

1. e4 d5 2. exd5 Qxd5 3. Nc3 Qd8 4. Nf3 Bg4 5. h3 Bxf3 6. Qxf3 c6 7. g3 e6 8.
Bg2 Nf6 9. a3 Nd5 10. Ne2 Nd7 11. c4 N5b6 12. Qc3 e5 13. O-O Be7 14. b4 Bf6 15.
Rb1 O-O 16. Qc2 Qc7 17. d3 Rfe8 18. Be3 Nf8 19. Nc3 Rad8 20. a4 Ne6 21. a5 Nc8
22. a6 bxa6 23. Rfd1 Nd4 24. Qa4 Nb6 25. Qxa6 Be7 26. c5 Nc8 27. Qc4 Bf8 28. Ne4
h6 29. Kh1 Kh8 30. g4 Nb5 31. Ra1 Re6 32. Nc3 Nxc3 33. Qxc3 Ne7 34. Ra4 Nd5 35.
Qc4 h5 36. gxh5 Nxe3 37. fxe3 e4 38. d4 Qg3 39. Qe2 Rf6 40. Ra2 Rb8 41. Qe1 Qg5
42. Rxa7 Qxh5 43. Rda1 g5 44. Ra8 Rxa8 45. Rxa8 Kg7 46. Qg3 Qe2 47. Qb8 Rf1+ 48.
Kh2 Be7 49. Qh8+ Kg6 50. Rg8+ 1-0

[Event "21st European Teams Women"]
[Site "Hersonissos GRE"]
[Date "2017.10.28"]
[Round "1.15"]
[Board "1"]
[White "Zimina, Olga"]
[Black "Milovic, Aleksandra"]
[Result "1-0"]
[WhiteTitle "IM"]
[BlackTitle "WIM"]
[WhiteElo "2394"]
[BlackElo "2191"]
[WhiteTeam "Italy"]
[BlackTeam "Montenegro"]
[WhiteFideId "4132190"]
[BlackFideId "933988"]
[EventDate "2017.10.28"]

1. Nf3 f5 2. c4 Nf6 3. g3 g6 4. Bg2 Bg7 5. d4 d6 6. b3 O-O 7. Bb2 e5 8. dxe5 Ng4
9. O-O Nxe5 10. Nxe5 dxe5 11. Qd5+ Qxd5 12. cxd5 Na6 13. Na3 Bd7 14. Nc4 Rae8
15. Rfc1 e4 16. Bxg7 Kxg7 17. Na5 b6 18. Nc6 Bxc6 19. dxc6 Rf6 20. Rc4 b5 21.
Rc3 Nb4 22. f3 Rxc6 23. Rxc6 Nxc6 24. Rc1 Nd4 25. Rxc7+ Kf6 26. fxe4 fxe4 27. e3
Nf5 28. Kf2 Nd6 29. Bf1 Re7 30. Rc6 Ke5 31. Rc5+ Ke6 32. Bh3+ Kf6 33. Rd5 Nf7
34. Bd7 a6 35. g4 h6 36. Kg3 Ne5 37. Rd6+ Kf7 38. Bc8 Rc7 39. Bxa6 g5 40. Rd4
Ra7 41. Bxb5 Rxa2 42. Rxe4 Kf6 43. Ra4 Rc2 44. Ra6+ Kg7 45. Re6 Rc5 46. Be8 Nd3
47. Bg6 Nb4 48. Be4 Rc3 49. Kf3 Rxb3 50. Rg6+ Kf8 51. Rxh6 Nd3 52. Bxd3 Rxd3 53.
Rh5 1-0

[Event "21st European Teams Women"]
[Site "Hersonissos GRE"]
[Date "2017.10.28"]
[Round "1.15"]
[Board "2"]
[White "Stojanovic, Marija R"]
[Black "Brunello, Marina"]
[Result "0-1"]
[WhiteTitle "WIM"]
[BlackTitle "FM"]
[WhiteElo "2102"]
[BlackElo "2353"]
[WhiteTeam "Montenegro"]
[BlackTeam "Italy"]
[WhiteFideId "931411"]
[BlackFideId "822590"]
[EventDate "2017.10.28"]

1. e4 c5 2. Nf3 d6 3. d4 cxd4 4. Nxd4 Nf6 5. Nc3 a6 6. Bg5 Nbd7 7. f4 Qc7 8. Qf3
h6 9. Bh4 g5 10. fxg5 hxg5 11. Bxg5 Qc5 12. Bxf6 Nxf6 13. Nf5 Nd7 14. Qf2 e6 15.
Qxc5 Nxc5 16. Nd4 Bg7 17. O-O-O b5 18. b4 Nd7 19. a4 bxa4 20. Nxa4 Bb7 21. Nb3
Be5 22. Bd3 Bc6 23. Nb2 Nf6 24. Nc4 Bf4+ 25. Kb2 Bxe4 26. Bxe4 Nxe4 27. Rd4 d5
28. c3 Rxh2 29. Rxh2 Bxh2 30. Ncd2 Be5 31. Rd3 Nxd2 32. Rxd2 Bd6 33. Kc2 Kd7 34.
Rf2 Ke7 35. Nd4 Rc8 36. Kb3 Be5 37. Ne2 Rc4 38. Rf3 Rg4 39. g3 Re4 40. Nc1 f5
41. Nd3 Bd6 0-1

[Event "21st European Teams Women"]
[Site "Hersonissos GRE"]
[Date "2017.10.28"]
[Round "1.15"]
[Board "3"]
[White "Di Benedetto, Desiree"]
[Black "Koljevic, Nikolina"]
[Result "1-0"]
[WhiteTitle "FM"]
[WhiteElo "2190"]
[BlackElo "1837"]
[WhiteTeam "Italy"]
[BlackTeam "Montenegro"]
[WhiteFideId "875813"]
[BlackFideId "16503945"]
[EventDate "2017.10.28"]

1. d4 d5 2. c4 e6 3. Nf3 c5 4. cxd5 exd5 5. g3 Nf6 6. Bg2 Be7 7. O-O O-O 8. Nc3
Nc6 9. dxc5 Bxc5 10. a3 a5 11. Bg5 d4 12. Nb5 h6 13. Rc1 Bb6 14. Bf4 a4 15. Rc4
Be6 16. Rxa4 Rxa4 17. Qxa4 d3 18. e3 Na5 19. Nbd4 Nd5 20. Nxe6 fxe6 21. Rd1 Qc8
22. Qe4 Nxf4 23. gxf4 Rd8 24. Bh3 Rd6 25. Rxd3 Qc1+ 26. Kg2 Rxd3 27. Bxe6+ Kh8
28. Qxd3 Qxb2 29. Qd7 Qf6 30. Qe8+ Kh7 31. Bg8+ Kh8 32. Bf7+ 1-0

[Event "21st European Teams Women"]
[Site "Hersonissos GRE"]
[Date "2017.10.28"]
[Round "1.15"]
[Board "4"]
[White "Delevic, Nina"]
[Black "Gueci, Tea"]
[Result "0-1"]
[BlackTitle "WFM"]
[WhiteElo "1745"]
[BlackElo "2161"]
[WhiteTeam "Montenegro"]
[BlackTeam "Italy"]
[WhiteFideId "939650"]
[BlackFideId "872342"]
[EventDate "2017.10.28"]

1. d4 Nf6 2. Nc3 d5 3. Bf4 c6 4. e3 g6 5. Bd3 Bg7 6. Nf3 O-O 7. h3 Nbd7 8. Qd2
Re8 9. g4 b5 10. Ne5 Bb7 11. f3 a6 12. h4 h5 13. gxh5 Nxe5 14. Bxe5 Nxh5 15.
Bxg7 Kxg7 16. O-O-O e6 17. Rdg1 Qf6 18. f4 c5 19. dxc5 Rac8 20. Rh2 Rxc5 21. Be2
Rh8 22. Qd1 b4 23. Rhg2 Nxf4 24. exf4 Qxf4+ 25. Kb1 bxc3 26. Bd3 Qb4 27. b3 Qa3
28. Qc1 Qxc1+ 29. Kxc1 Kf8 30. Rf2 Ke7 31. Rg4 e5 32. Ra4 Rc6 33. Kd1 f5 34. Ra5
Rd6 35. Rc5 Rc8 36. Ra5 e4 37. Bf1 Rh8 38. Rh2 Kf6 39. Rc5 Rc8 40. Rxc8 Bxc8 41.
h5 gxh5 42. Rxh5 Ke5 43. Rh8 Rc6 44. Ke2 f4 45. Rh5+ Kd4 46. Kf2 Bg4 47. Rh4 Bd1
48. Rxf4 Bxc2 0-1

[Event "21st European Teams Women"]
[Site "Hersonissos GRE"]
[Date "2017.10.28"]
[Round "1.16"]
[Board "1"]
[White "Dannenberg, Alia"]
[Black "Worek, Joanna"]
[Result "0-1"]
[BlackTitle "WGM"]
[WhiteElo "1975"]
[BlackElo "2299"]
[WhiteTeam "Finland"]
[BlackTeam "Czech Republic"]
[WhiteFideId "504688"]
[BlackFideId "1118080"]
[EventDate "2017.10.28"]

1. e4 c5 2. Nc3 Nc6 3. g3 g6 4. Bg2 Bg7 5. d3 d6 6. Nh3 Rb8 7. O-O b5 8. f4 Nd4
9. f5 Nf6 10. g4 b4 11. Nb1 Qb6 12. Nd2 Ba6 13. Kh1 Nd7 14. Nf3 Ne5 15. Nxe5
dxe5 16. b3 Rd8 17. Rf2 h5 18. g5 gxf5 19. exf5 Bb7 20. Qf1 Rd6 21. Be3 Nb5 22.
a4 bxa3 23. b4 Nd4 24. bxc5 Bxg2+ 25. Qxg2 Qxc5 26. Bc1 Qc6 27. Rxa3 Qxg2+ 28.
Kxg2 a6 29. Bb2 Kd7 30. Ng1 Rb8 31. Bxd4 exd4 32. Nf3 Rb2 33. Ra4 Rb5 34. Nd2
Rdd5 35. Rxa6 Rxf5 36. Rxf5 Rxf5 37. Ne4 Rb5 38. Ra7+ Ke6 39. Rc7 Be5 40. Rc6+
Kd5 41. Rc8 Ke6 42. h3 Ra5 43. Kf3 Ra1 44. Nf2 Kf5 45. Re8 Ke6 46. Ke2 Rg1 47.
Ne4 Rg2+ 48. Kd1 Rh2 49. Nc5+ Kd5 50. Ne4 Bd6 51. Rf8 Ke6 52. Nxd6 exd6 53. Re8+
Kf5 54. Re4 Kxg5 55. Rxd4 Rxh3 56. Rxd6 Re3 57. Kd2 Re8 58. c4 h4 59. Rd7 Kg6
60. Rd4 Rh8 61. Rg4+ Kf5 62. Rg1 h3 63. Ke3 h2 64. Rh1 Kg4 65. Kf2 Kh3 66. Re1
f5 67. d4 f4 68. Kf3 Rc8 69. Kxf4 Rxc4 70. Ke5 Rc2 71. Kd6 Rg2 72. Rh1 Rg1 73.
Rxh2+ Kxh2 74. d5 Kg3 75. Kd7 Kf4 76. d6 Ke5 77. Kc7 Rc1+ 78. Kd7 Rd1 0-1